| 000 | 00446nam a2200181Ia 4500 | ||
|---|---|---|---|
| 008 | 230524s9999 xx 000 0 und d | ||
| 020 | _a8131716341 | ||
| 082 |
_a338.7 _bTUL |
||
| 100 | _aP.C.Tulsian | ||
| 245 | 0 | _aBusiness Organisation and Management | |
| 250 | _aIST | ||
| 260 |
_aNEW DELHI _bPearson _c2008 |
||
| 300 | _aXVIII;25.39 | ||
| 500 | _aQuantity Number: 31 | ||
| 650 | _aManagement | ||
| 700 | _a Vishal Pandey | ||
| 942 | _cBK | ||
| 999 |
_c47165 _d47165 |
||